000 00428nam a22001577a 4500
020 _a9781420059205
050 _aTD193
_b.M36 2010
100 _aManahan Stanley E.
245 _aEnvironmental Chemistry
250 _a9th Edition
260 _aUSA
_bTaylor and Francis Group
_c2010
300 _axxix, 753p.
500 _aincludes Index and Bibliographic References
650 _bEnvironmental Chemistry
_vBOOK
_xPBK
942 _cGEN
999 _c779
_d779